000
00258nam a22001217a 4500
040
_c
HS
082
_a
539
100
_a
HANG SIM
245
_a
Physics year 1 : រូបវិទ្យា
260
_a
RUA
_b
HANG SIM
_c
2001
300
_a
279p;
942
_c
KB
999
_c
10222
_d
10222